000
00266nam a22001217a 4500
008
181022b xxu||||| |||| 00| 0 eng d
041
_a
eng
080
_a
101
100
_a
24
101
_a
FIL
245
_a
Marx and the Intellectuals
_c
Feuer,L.S
942
_2
udc
_c
BK
999
_c
50364
_d
50364